| 000 | 00522nam a22001457a 4500 | ||
|---|---|---|---|
| 008 | 150529b xxu||||| |||| 00| 0 eng d | ||
| 082 |
_a779.209.2 _bD 148c |
||
| 100 |
_aDalmau-Gorriz _92886 |
||
| 245 |
_aConverses al carrer Francesc Moragas _cDalmau-Gorriz; Peran, Marti (editor) |
||
| 260 |
_aBarcelona _bConclave _c2001 |
||
| 300 |
_a56 p. _bill. (col) _c29x20.5 cm |
||
| 600 |
_aDalmau-Gorriz _xExhibiciones _92887 |
||
| 650 |
_xFotografia-exhibiciones _xFotografos-colecciones individuales _92888 |
||
| 700 |
_aDalmau-Gorriz _92889 |
||
| 999 |
_c644 _d644 |
||